Ghana-visa - Statistics

Yleistilastot
  • Tätä visaa on pelattu 264 kertaa
  • Keskiarvotulos 9 / 15
Vastaustilastot
Vihje Vastaus % Oikein
Ghanan naapurimaat Norsunluurannikko
93%
Ghanan naapurimaat Burkina Faso
90%
Ghanan naapurimaat Togo
90%
Virallinen kieli Englanti
89%
Pääkaupunki Accra
86%
Ghana oli kuuden eurooppalaisen valtion siirtomaa. Mikä kolonisoi sen ensimmäisenä, vuonna 1481? Portugali
84%
Valtamerenlahti, jonka rannalla Ghana sijaitsee {Guinean}lahti
78%
Siirtomaa-aikainen nimi {Kulta}rannikko
78%
.. ja tämän halutun pavun toiseksi suurin tuottaja Kaakao
63%
Ghana on tämän syötävän mukulan toiseksi suurin tuottajavaltio Jamssi
47%
Ghanalainen diplomaatti, joka johti YK:ta vuosina 1997-2006 Kofi Annan
39%
Toiseksi väkirikkain kaupunki Kumasi
27%
Joki, joka virtaa Ghanan halki Volta
24%
Etninen ryhmä, johon 47,5 % väestöstä kuuluu Akanit
18%
Afrikanamerikkalainen älykkö, joka muutti Ghanaan W.E.B. {Du} {Bois}
13%
Ehtoja vastaavia visoja ei löytynyt
Tulosjakauma
Jokaisen tuloksen saaneiden osuus
Persentiili vastausten määrän mukaan
Tuloshistoriasi
Et ole pelannut tätä visaa